000
00344nam a2200157Ia 4500
100
_a
Kibbe/ R.R. & others/ Neely/ J.E.
250
_a
6
942
_c
RB
654
_a
Machine tool
245
_a
Machine tool practices
260
_b
Prentice Hall
_c
1997
082
_a
621.902
_b
KIB/NEE
300
_a
822
546
_a
ENGLISH
999
_c
22583
_d
22583